Countries by Unflattering Quotes - Statistics

General Stats
  • This quiz has been taken 527 times
    127 since last reset
  • The average score is 4 of 20
Answer Stats
Hint Answer % Correct
The country is too cold, the people beastly be Russia
66%
____ is a country invented by the British to annoy the French. Belgium
65%
Half civilized, Balkan hybrids of Slavs and Turks Serbia
51%
Bastard state created at the Treaty of Versailles Poland
38%
The great Satan, the wounded snake United States of America
35%
Veered between aggression and self-doubt. The true origin of ____ angst is the agony of self-knowledge... not good for Europe Germany
34%
Industrious, filthy, obtuse people...often more like automatons than people... even their children are spiritless China
28%
The great Satan, the wounded snake Ayatollah Khomeini
19%
____ is a country invented by the British to annoy the French. Charles de Gaulle
13%
Being allied to ____ is like being shackled to a corpse Austria-Hungary
11%
Undoubtedly the most unattractive women in the world are the ____women... God, those _______, ack, pathetic. Uch India
9%
Obviously not a success story, dependent on help from others, and then to puts a big mouth against the people who help Greece
7%
Undoubtedly the most unattractive women in the world are the ____women... God, those _______, ack, pathetic. Uch Richard Nixon
4%
Industrious, filthy, obtuse people...often more like automatons than people... even their children are spiritless Albert Einstein
3%
Being allied to ____ is like being shackled to a corpse Erich Ludendorff
2%
Obviously not a success story, dependent on help from others, and then to puts a big mouth against the people who help Jeroen Dijsselbloem
1%
Veered between aggression and self-doubt. The true origin of ____ angst is the agony of self-knowledge... not good for Europe Margaret Thatcher
1%
Half civilized, Balkan hybrids of Slavs and Turks Ante Trumbic
0%
The country is too cold, the people beastly be George Tuberville
0%
Bastard state created at the Treaty of Versailles Vyacheslav Molotov
0%
No matching quizzes found
Score Distribution
Percent of People with Each Score
Percentile by Number Answered
Your Score History
You have not taken this quiz since the last reset